Hindi ke mahila natakkar( हिन्दी के महिला नाटककार) (Record no. 113905)

MARC details
000 -LEADER
fixed length control field 00243 a2200085 4500
100 ## - MAIN ENTRY--PERSONAL NAME
Personal name Asha
245 ## - TITLE STATEMENT
Title Hindi ke mahila natakkar( हिन्दी के महिला नाटककार)
260 ## - PUBLICATION, DISTRIBUTION, ETC. (IMPRINT)
Name of publisher, distributor, etc Adwait prakashan
Date of publication, distribution, etc 2021
942 ## - ADDED ENTRY ELEMENTS (KOHA)
Koha item type On order/under processing
Holdings
Withdrawn status Lost status Damaged status Not for loan Home library Current library Date acquired Source of acquisition Cost, normal purchase price Total Checkouts Barcode Date last seen Cost, replacement price Price effective from Koha item type
        University Library University Library 13/11/2024 264 386.75   00096285 13/11/2024 595.00 13/11/2024 On order/under processing
University Library, CUSAT